Obálka Náhled e-knihy:
PDF Epub
Pro půjčování e-knih musíte být přihlášeni.
Jak si půjčit online?

Rodina Monetových. 1, Poklad /

První svazek románové série, která si získala srdce čtenářů na polské internetové platformě Wattpad.

Uloženo v:
Série:Rodina Monetových, část 1
Hlavní autor: Marczak, Weronika Anna, 1996- (Autor)
Další autoři: Veselka, Martin, 1987- (Autor)
Médium: E-kniha
Jazyk:Czech
Vydáno: Praha : Dobrovský s.r.o., 2025
Edice:King Cool
Témata:
Příbuzné jednotky:Z cyklu:: Rodina Monetových
Tagy:
Žádné tagy
LEADER 03112nam a2200529 i 4500
001 312616
003 CZ PrSKC
005 20260601215725.0
007 ta
008 250121s2025 xr d 000 f cze
015 |a cnb003667807 
020 |a 9788027724925  |q (brožováno) :  |c Kč 399,00 
035 |a (OCoLC)1505965052 
040 |a ABG001  |b cze  |e rda 
041 1 |a cze  |h pol 
072 7 |a 821.162.1  |x Polská literatura  |2 Konspekt 
072 7 |a 821-93  |x Literatura pro děti a mládež (beletrie)  |2 Konspekt 
080 |a 821.162.1-31  |2 MRF 
080 |a 821-93-053.67  |2 MRF 
080 |a 821-93  |2 MRF 
080 |a (0:82-31)  |2 MRF 
100 1 |a Marczak, Weronika Anna,  |d 1996-  |7 xx0328165  |4 aut 
240 1 0 |a Skarb.  |l Česky 
245 1 0 |a Rodina Monetových.  |n 1,  |p Poklad /  |c Weronika Anna Marczak ; přeložil Martin Veselka 
246 3 0 |a Poklad 
264 1 |a Praha :  |b Dobrovský s.r.o.,  |c 2025 
300 |a 406 stran ;  |c 20 cm 
336 |a text  |b txt  |2 rdacontent 
337 |a bez média  |b n  |2 rdamedia 
338 |a svazek  |b nc  |2 rdacarrier 
490 1 |a King Cool 
500 |a Přeloženo z polštiny 
520 2 |a První svazek románové série, která si získala srdce čtenářů na polské internetové platformě Wattpad.  |b Hailie Monetové ještě není ani patnáct, když při autonehodě přijde o své dvě nejbližší a nejmilovanější osoby - maminku a babičku. Její dosavadní život, prostoupený láskou a vřelostí, se rázem změní. Musí se totiž přestěhovat z rodné Anglie do luxusní vily v americké Pensylvánii, kterou obývá pět panovačných a odměřených mladíků. Svou novou spolubydlící přijímají poněkud chladně. Will, Vincent, Dylan, Shane a Tony jsou Hailieinými staršími bratry. Ona však o jejich existenci předtím neměla ani tušení. I když nový domov nabízí všechno, o čem může teenagerka snít, Hailie se cítí nesmírně osamělá. A aby toho nebylo málo, každý den odhaluje, že život jejích bratrů je plný temných tajemství, která chlapci horlivě střeží, zejména před svou mladší sestrou. Nakladatelská anotace. Kráceno. 
655 7 |a polské romány  |7 fd133084  |2 czenas 
655 7 |a literatura young adult  |7 fd1185572  |2 czenas 
655 7 |a publikace pro mládež  |7 fd133157  |2 czenas 
655 9 |a Polish fiction  |2 eczenas 
655 9 |a young adult literature  |2 eczenas 
655 9 |a juvenile literature  |2 eczenas 
700 1 |a Veselka, Martin,  |d 1987-  |7 xx0164689  |4 trl 
787 0 8 |i Z cyklu:  |t Rodina Monetových  |g 1  |w (CZ-CtDS)e79a1c0e-73e3-5108-89fb-3d581693b663 
830 0 |a King Cool 
900 |a ABA001  |b 20 
044 |a xr 
910 |a RBIT002 
998 |d 417101  |a https://core.palmknihy.cz/api/books/417101/cover?sqsl0w  |b https://core.palmknihy.cz/api/books/417101/cover/400?sqsl0w  |c https://core.palmknihy.cz/api/books/417101/cover/50?sqsl0w  |e 2030-07-30  |g 408  |i 9788027724925  |j https://core.palmknihy.cz/api/books/417101/preview.epub  |k https://core.palmknihy.cz/api/books/417101/preview.pdf  |l   |q 49  |r 1  |s https://www.palmknihy.cz/kniha/417101  |t ebook  |y 2025  |z 0  |v Rodina Monetových  |w 1 
999 |d 312614